000 00560nam a2200193Ia 4500
003 LDD
008 181029s9999 xx 000 0 und d
020 _a8181281829
_c225.00
040 _cLDD
100 _aArnold, Vladimir I.
245 0 _aLectures on Partial Differential Equations
_cVladimir I. Arnold
260 _aNew York
_bSpringer
_c2006
300 _ax, 157p.
365 _b225.00
901 _a3771
_b01-02-2007
902 _aANE/D/630
_b13-02-2007
_cF
_dANE
_e62
903 _aDiscount-10
_bReqst by : Ashish Aggrwal
942 _2ddc
_cBK
999 _c78082
_d78082